00539nam a2200157 i 450000100060000000300090000600500170001500700030003200800410003510000280007624501580010426000310026261000430029371000220033685200230035826676ES-MaACL20231219190222.0t|030110s1910 sp ||||1| spa d1 aArzadún Zabala, Juan.14aLos guerrilleros de la Guerra de la Independencia b: conferencia pronunciada en el Ateneo de Madrid el día 16 de diciembre de 1909 / cJuan Arzadún. aMadrid : b[s.n.], c1910.24aAteneo de Madrid-vConferencias-yS.XX2 aAteneo de Madrid. aES-MaACLjT-1589-F